000
00227nam a22000857a 4500
008
170120b xxu||||| |||| 00| 0 eng d
100
_9
2518
_a
Gupta.A.
245
_a
Wonderful World Environment-3
260
_a
New Delhi
_b
Brittanica
_c
2011
999
_c
5599
_d
5599